Fundamentos de genética biométrica : (Registro nro. 8293)

Detalles MARC
000 -CABECERA
Campo de control interno 01953nam a2200241Ia 4500
008 - ELEMENTOS DE LONGITUD FIJA - INFORMACIÓN GENERAL
Campo de control de longitud fija 260220t1986||||xx |||||||||||||| ||spa||
040 ## - FUENTE DE CATALOGACIÓN
Agencia de catalogación original PY-SlUNAC
Idioma de catalogación spa
Convenciones de descripción rda
041 ## - CÓDIGO DE IDIOMA
Código de idioma para texto/pista de sonido o título separado spa
082 ## - NÚMERO DE CLASIFICACIÓN DECIMAL DEWEY
Clasificación Decimal Dewey (CDD) 581.15
Clasificación Expansiva de Cutter (EC) M339f
100 ## - ASIENTO PRINCIPAL - NOMBRE PERSONAL
Nombre personal Mariotti, Jorfe A.
Rol del autor Autor
245 #0 - TÍTULO
Título Fundamentos de genética biométrica :
Subtítulo aplicaciones al mejoramiento genético vegetal /
Mención de responsabilidad por Jorfe A. Mariotti [Autor]
264 ## - PIE DE IMPRENTA
Lugar Washington D. C. :
Editorial Organización de los Estados Americanos,
Año ℗1986.
300 ## - DESCRIPCIÓN FÍSICA
Páginas 1 volumen
520 ## - NOTA DE RESUMEN
Nota de resumen En "Fundamentos de genética biométrica: aplicaciones al mejoramiento genético vegetal", Jorfe A. Mariotti ofrece una visión integral de las técnicas estadísticas y matemáticas aplicadas a la genética, enfocándose en su relevancia para el mejoramiento de cultivos. El autor presenta los principios básicos de la genética biométrica, incluyendo métodos de análisis de variancia, correlación y regresión, que permiten evaluar y manipular la variabilidad genética en poblaciones vegetales. A través de ejemplos prácticos y estudios de caso, Mariotti ilustra cómo estas herramientas pueden optimizar la selección y el cruce de plantas con características deseables, contribuyendo así a la producción agrícola sostenible. El texto destaca la importancia de la genética biométrica en la investigación agronómica y su aplicación en el desarrollo de variedades más resistentes y productivas, subrayando la interconexión entre la teoría genética y la práctica agrícola. Esta obra se convierte en un recurso esencial para investigadores y profesionales del campo del mejoramiento genético vegetal, promoviendo un enfoque científico en la agricultura.
653 ## - MATERIA - TÉRMINO TEMÁTICO NO CONTROLADO (PALABRAS CLAVE)
Materia - término temático no controlado (palabras clave) Agricultura
653 ## - MATERIA - TÉRMINO TEMÁTICO NO CONTROLADO (PALABRAS CLAVE)
Materia - término temático no controlado (palabras clave) Genética
653 ## - MATERIA - TÉRMINO TEMÁTICO NO CONTROLADO (PALABRAS CLAVE)
Materia - término temático no controlado (palabras clave) Mejoramiento genético
942 ## - ELEMENTOS PERSONALIZADOS (KOHA)
Fecha catalogación 2026/02/17
Tipo de documento Libros
Existencias
Fuente de Clasificacion Colección Ubicacion permanente Biblioteca actual Fecha de Ingreso a la Biblioteca Origen de adquisición Código de ubicación Código de barras Tipo de Item KOHA Nota pública
Dewey Decimal Classification Colección General (CG) Biblioteca e Internet, Facultad de Ciencias Exactas y Naturales Biblioteca e Internet, Facultad de Ciencias Exactas y Naturales 02/20/2026 Donación 581.15 M339f CG1653 Libros Material disponible en la Biblioteca e Intenet, Campus UNA, San Lorenzo.